Revista del Tribunal Federal de Justicia Fiscal y Administrativa

Detalles Bibliográficos
Formato: eBook
Lenguaje:español
Publicado: Colombia : Ecoe ediciones, 2007 -
Materias:
Acceso en línea:Acceso restringido

MARC

LEADER 00000nam a22000007a 4500
005 20120420141930.0
007 cr|||| ||||
008 120420c20079999mx |||| s|||| 0|||b1spa d
022 |a 1665-0086 
035 |a 6405 
040 |a vLex 
090 |c 3126  |d 3126 
245 1 0 |a Revista del Tribunal Federal de Justicia Fiscal y Administrativa  |h [Recurso electrn̤ico]  
256 |a Servicio en ln̕ea 
260 |a Colombia :  |b Ecoe ediciones,  |c 2007 - 
300 |a 1 recurso electrn̤ico 
310 |a Mensual 
362 |a Nm︢. 1 (2007) - 
506 1 |a Contenido solo disponible en los productos indicados  |d vLex Global   |d vLex Global (Academic Edition, excluding Law Schools)   |d vLex Global (U.S. Academic Edition, Law Schools)   |d vLex Global (U.S. Academic Edition, excluding Law Schools)   |d vLex Global (Academic Edition, Law Schools)  
650 0 4 |a Jurisprudencia  |z Mx̌ico 
650 0 4 |a Tribunales administrativos  |z Colombia 
740 0 |a vLex Revistas (Servicio en ln̕ea) 
856 4 0 |u http://vlex.com/source/revista-tribunal-federal-justicia-fiscal-administrativa-6405  |z Acceso restringido 
942 |c REV 
999 0 |a Administrative courts 
999 0 |a Jurisprudence